Revízia knižničných dokumentov

Podrobná bibliografia
Hlavný autor: Panáková, Gabriela, 1947- (Autor)
Médium: Článok
Jazyk:slovenčina
ISSN:1335-7026
Predmet:
On-line prístup:http://www.snk.sk/images/snk/casopis_kniznica/2003/jun_jul/289.pdf

MARC

LEADER 00000nab a2200000 a 4500
001 vtls000840761
003 SK-MaSNL
005 20260305001711.0
008 250429c2003 xo 0 slo
015 |a SNBRB2003/08-20848 
035 |a CLN000192416 
035 |a urn:nbn:sk:snk-abbwhe 
035 |a (urnnbn)urn:nbn:sk:snk:ar-000okc 
035 |a (uuid)60cc53a6-60cc-4cbc-93ba-1e7188714e05 
040 |a SNKBUCL  |b slo  |c SNKBUCL  |e AACR2 
041 0 |a slo 
044 |a xo  |c SK 
080 |a 025.2:021.61:023.1  |2 1997 
080 |a 021.61  |2 1997 
080 |a 023.1  |2 1997 
100 1 |a Panáková, Gabriela,  |d 1947-  |4 aut  |9 99904 
245 1 0 |a Revízia knižničných dokumentov  |c Gabriela Panáková 
650 0 7 |a knižničné dokumenty  |2 snkbucl  |9 355357 
650 0 7 |a revízia knižničných fondov  |2 snkbucl  |9 106609 
655 7 |a články z novín a časopisov  |2 snkbucl  |9 267496 
773 0 |t Knižnica  |g Roč. 4, č. 6-7 (2003), s. 289  |x 1335-7026 
850 |a Slovenská národná knižnica 
852 |a Slovenská národná knižnica 
856 4 1 |u http://www.snk.sk/images/snk/casopis_kniznica/2003/jun_jul/289.pdf 
954 |a odborná, vedecká literatúra pôvodná (slovenská)  |2 lita 
958 |a article15 
958 |a KL 
958 |a OND 
958 |a EUIPO 
992 |a RBX 
999 |c 3220775  |d 3222705